| 000 | 00937nam a2200241 4500 | ||
|---|---|---|---|
| 005 | 20240530110446.0 | ||
| 008 | 150428s2008 ua d f 000 0 ara d | ||
| 017 |
_a2008/21035 _bمصر . دار الكتب المصرية |
||
| 020 | _a9789774205928 | ||
| 040 | _aEG-CaGPL | ||
| 082 | 0 | 4 |
_221 _a336.22 _bق/ج أ |
| 100 | 0 | _aجرجس حنين | |
| 245 | 1 | 2 |
_aالاطيان و الضرائب فى القطر المصرى / _cجرجس حنين |
| 260 |
_aالقاهرة : _bالهيئة المصرية العامة للكتاب ، _c2008 . |
||
| 300 |
_a734 ص : _bايض ؛ _c24 سم |
||
| 490 | 0 |
_aتاريخ المصريين ؛ _v276 |
|
| 650 | 0 | 4 |
_aالاراضى الزراعية _xقوانين وتشريعات |
| 650 | 0 | 4 |
_aملكية الاراضى _zمصر |
| 650 | 0 | 4 |
_aاصلاح الاراضى _zمصر |
| 650 | 0 | 4 |
_aالاراضى _xضرائب _zمصر |
| 942 |
_2ddc _cBK |
||
| 999 |
_c61158 _d61158 |
||